Na plánovanie nástupníctva nemusíte byť sami
Plánovanie nástupníctva je kritickým procesom pre každú organizáciu, ktorá chce zabezpečiť kontinuitu vedenia a udržateľnosť svojho úspechu – či ide o rodinnú firmu, lokálnu pobočku alebo globálnu korporáciu. Nástupníctvo je najmä na kľúčových úrovniach riadenia obrovskou zmenou a prináša markantné...
Salvato in:
| Autore principale: | |
|---|---|
| Natura: | Capitolo di libro |
| Lingua: | slovacco |
| Soggetti: | |
| Tags: |
Nessun Tag, puoi essere il primo ad aggiungerne!!
|
MARC
| LEADER | 00000naa a2200000 4500 | ||
|---|---|---|---|
| 001 | 0314759 | ||
| 005 | 20260205111904.5 | ||
| 041 | 0 | |a slo | |
| 044 | |a SK | ||
| 245 | 1 | 0 | |a Na plánovanie nástupníctva nemusíte byť sami |c Rastislav Mackanič |
| 520 | |a Plánovanie nástupníctva je kritickým procesom pre každú organizáciu, ktorá chce zabezpečiť kontinuitu vedenia a udržateľnosť svojho úspechu – či ide o rodinnú firmu, lokálnu pobočku alebo globálnu korporáciu. Nástupníctvo je najmä na kľúčových úrovniach riadenia obrovskou zmenou a prináša markantné riziká pohybujúce sa od nezvládnutého transferu kompetencií až po výber nevhodného lídra. Ich podcenenie môže spôsobiť enormné finančné straty či stratu trhových pozícií. Neraz dokonca úplný zánik organizácie. | ||
| 610 | 2 | 0 | |a nástupníctvo podnikové |
| 610 | 2 | 0 | |a talent manažment |
| 610 | 2 | 0 | |a plánovanie |
| 610 | 2 | 0 | |a podnik rodinný |
| 100 | 1 | |a Mackanič, Rastislav | |